Top 15 Rappers With The Most Grammy Awards - Statistics

General Stats
  • This quiz has been taken 785 times
  • The average score is 6 of 15
Answer Stats
Grammys Rapper % Correct
15 Eminem
89%
21 Jay Z
88%
21 Kanye West
86%
12 Kendrick Lamar
78%
3 Drake
74%
5 Lil Wayne
51%
7 Dr Dre
49%
6 Outkast
29%
8 Lauryn Hill
20%
3 Diddy
18%
3 Ludacris
17%
3 Chance The Rapper
14%
3 T.I.
11%
3 Nelly
9%
4 Will Smith
9%
No matching quizzes found
Score Distribution
Percent of People with Each Score
Percentile by Number Answered
Your Score History
You have not taken this quiz